<?xml version="1.0" encoding="UTF-8"?>
<marc:record xmlns:marc="http://www.loc.gov/MARC21/slim">
   <marc:leader>00000nam a2200000 a 4500</marc:leader>
   <marc:datafield ind1=" " ind2=" " tag="653">
      <marc:subfield code="a">Kinderwissen</marc:subfield>
   </marc:datafield>
   <marc:datafield ind1=" " ind2=" " tag="653">
      <marc:subfield code="a">Wissen &amp; Lernen</marc:subfield>
   </marc:datafield>
   <marc:datafield ind1=" " ind2=" " tag="653">
      <marc:subfield code="a">Straßenverkehr</marc:subfield>
   </marc:datafield>
   <marc:datafield ind1=" " ind2=" " tag="653">
      <marc:subfield code="a">Schulweg</marc:subfield>
   </marc:datafield>
   <marc:datafield ind1="0" ind2="0" tag="245">
      <marc:subfield code="a">Meine erste Verkehrsschule - Sicher im Straßenverkehr</marc:subfield>
   </marc:datafield>
   <marc:datafield ind1="0" ind2="0" tag="245">
      <marc:subfield code="b">Wissen &amp; Lernen</marc:subfield>
   </marc:datafield>
   <marc:datafield ind1=" " ind2="1" tag="264">
      <marc:subfield code="a">Düsseldorf</marc:subfield>
      <marc:subfield code="b">Boxine GmbH</marc:subfield>
      <marc:subfield code="c">2024</marc:subfield>
   </marc:datafield>
   <marc:datafield ind1="1" ind2=" " tag="490">
      <marc:subfield code="a">Tonie</marc:subfield>
   </marc:datafield>
   <marc:datafield ind1="1" ind2=" " tag="520">
      <marc:subfield code="a">Staunen, Stapeln, Sammeln - entdecke jetzt unseren Clever Tonie: ADAC - Meine erste Verkehrsschule&#xD;
&#xD;
Es ist Schulschluss! Die Glocke läutet, die Klassenzimmer gehen auf und aus dem Schulgebäude strömen die Kinder, um sich auf den Heimweg zu machen. Wir begleiten sie und lernen dabei die verschiedenen Herausforderungen kennen, die ein Schulweg mit sich bringen kann. Verpackt in kleinen Geschichten und Lieder zum Mitsingen: Verkehrserziehung kann auch Spaß machen!&#xD;
&#xD;
Ab 5 Jahre&#xD;
Titelliste:&#xD;
01 - Schulschluss&#xD;
02 - Benny fährt Fahrrad&#xD;
03 - Schein! Schein! Schein!&#xD;
04 - Benny und der Kinderwagen&#xD;
05 - Kopf hoch&#xD;
06 - Sarah fährt Bus&#xD;
07 - Nein, heißt nein!&#xD;
08 - Sarahs Bus kommt an&#xD;
09 - Wir fahrn Bus&#xD;
10 - Zwei Stationen noch für Sarah&#xD;
11 - Regenbogentropfen&#xD;
12 - Sarah hat es geschafft&#xD;
13 - Alex fährt Auto&#xD;
14 - Darf ich in die Mitte bitte?&#xD;
15 - Auf geht die wilde Fahrt&#xD;
16 - 200 fahren auf der Autobahn&#xD;
17 - Langsam Richtung Grosseltern&#xD;
18 - Lilly fährt Bahn&#xD;
19 - Lilly hat die Bahn verpasst&#xD;
20 - Wofür hat sie ihr Handy</marc:subfield>
   </marc:datafield>
   <marc:datafield ind1=" " ind2=" " tag="300">
      <marc:subfield code="a">1 Hörfigur ; 35 Minuten</marc:subfield>
   </marc:datafield>
</marc:record>
